Nové požiadavky na účtovníctvo a rozpočet v roku 2004 pre organizácie, ktoré sú súčasťou verejného rozpočtu

Pokyn MF SR zo dňa 2.12.2003, ktorým sa ustanovuje rozsah, spôsob a termíny predkladania údajov na hodnotenie plnenia verejného rozpočtu organizácií, ktoré sú súčasťou verejného rozpočtu - rozpočtové organizácie štátu, obcí a VÚC, obce, vyššie územné celky, príspevkové organizácie štátu, obcí a VÚC,...

Descrizione completa

Salvato in:
Dettagli Bibliografici
Autore principale: Zakhar, Ladislav
Altri autori: Zakharová, Irena
Natura: Capitolo di libro
Lingua:slovacco
Soggetti:
Tags: Aggiungi Tag
Nessun Tag, puoi essere il primo ad aggiungerne!!

MARC

LEADER 00000naa$a2200000$$$4500
001 0008285
005 20231003105348.3
041 0 |a slo 
044 |a SK 
245 1 0 |a Nové požiadavky na účtovníctvo a rozpočet v roku 2004 pre organizácie, ktoré sú súčasťou verejného rozpočtu  |c aut. Ladislav Zakhar, Irena Zakharová 
520 |a Pokyn MF SR zo dňa 2.12.2003, ktorým sa ustanovuje rozsah, spôsob a termíny predkladania údajov na hodnotenie plnenia verejného rozpočtu organizácií, ktoré sú súčasťou verejného rozpočtu - rozpočtové organizácie štátu, obcí a VÚC, obce, vyššie územné celky, príspevkové organizácie štátu, obcí a VÚC, štátne fondy, verejné vysoké školy, zdravotné poisťovne, Sociálna poisťovňa, Fond národného majetku SR. 
610 2 0 |a účtovníctvo 
610 2 0 |a rozpočet štátny 
610 2 0 |a organizácie rozpočtové 
610 2 0 |a organizácie príspevkové 
610 2 0 |a 2004 
100 1 |a Zakhar, Ladislav 
700 1 |a Zakharová, Irena